Ricostruisci la Carriera del Calciatore - Alessio Cragno - Statistics

Statistiche generali
  • Questo quiz è stato fatto 5 volte
  • Il punteggio medio è 3 su 7
Statistiche sulle risposte
Hint Risposta % Corretto
2017-2022 Cagliari
75%
2016-2017 Benevento
50%
2022-2023 Monza
50%
2016 Virtus Lanciano
50%
2023- Sassuolo
25%
2012-2014 Brescia
0%
2014-2016 Cagliari
0%
Nessun quiz corrispondente trovato
Distribuzione punteggi
Percentuale di utenti per punteggio
Percentile per numero di risposta
I tuoi punteggi nel tempo
Non hai fatto questo quiz